Electrochemical biosensing platforms using platinum nanoparticles and carbon nanotubes /

Sparad:
Bibliografiska uppgifter
Övriga upphovsmän: Hrapovic, Sabahudin., Liu, Yali., Luong, John H. T., Male, Keith B.
Materialtyp: Artikel
Språk:English
Ämnen:
Taggar: Lägg till en tagg
Inga taggar, Lägg till första taggen!
Thư viện lưu trữ: Thư viện Trường Đại học Đà Lạt
LEADER 01045nam a2200361 4500
001 DLU090097792
005 ##20091201
040 # # |a DLU  |b eng 
041 # # |a eng 
044 # # |a us 
245 # # |a Electrochemical biosensing platforms using platinum nanoparticles and carbon nanotubes /  |c Sabahudin Hrapovic ... [et al.].  
653 # # |a Biosensors 
653 # # |a Carbon electrode 
653 # # |a Carbon nanotubes 
653 # # |a Enzyme 
653 # # |a Microelectrode 
653 # # |a Nanoparticles 
653 # # |a Oxidoreductases 
653 # # |a Polymer 
700 # # |a Hrapovic, Sabahudin.  
700 # # |a Liu, Yali. 
700 # # |a Luong, John H. T. 
700 # # |a Male, Keith B. 
773 # # |t Analytical Chemistry  |g Vol. 76, no. 4 (February 2004), p. 1083-1088 
920 # # |a Phòng Tạp chí -- Trung tâm Thông tin - Thư viện Trường Đại học Đà Lạt 
994 # # |a DLU 
900 # # |a True 
911 # # |a Trương Bảo Trâm Anh 
925 # # |a G 
926 # # |a A 
927 # # |a BB 
980 # # |a Thư viện Trường Đại học Đà Lạt